[Event "DVM U20 2018"]
[Site "Osnabrück GER"]
[Date "2018.12.28"]
[Round "3"]
[White "Gabler, Eric"]
[Black "Dalchow, Jonas"]
[Result "0-1"]
[Termination "normal"]
[Board "7.4"]
[WhiteElo "2103"]
[BlackElo "1747"]
[WhiteTeam "SC Bavaria Regensburg"]
[BlackTeam "SC 1997 Lambsheim"]
[PlyCount "88"]
[WhiteFideId "12949841"]
[BlackFideId "12971251"]
[EventCountry "GER"]
[EventRounds "7"]
[EventType "team-swiss"]
[EventDate "2018.12.26"]

1. d4 Nf6 2. c4 g6 3. Nf3 Bg7 4. Nc3 d5 5. e3 O-O 6. Be2 c6 7. O-O Re8 8. Qb3
e6 9. Rd1 Nbd7 10. Qc2 a6 11. e4 dxc4 12. Bxc4 b5 13. Bb3 Nb6 14. e5 Nfd5 15.
Ne4 Qc7 16. Bd2 a5 17. Rac1 Bd7 18. Nd6 Red8 19. Nxb5 cxb5 20. Qxc7 Nxc7 21.
Rxc7 a4 22. Bg5 Rdc8 23. Rb7 Ra6 24. Bc2 Rxc2 25. Bd8 Rc6 26. d5 exd5 27. Nd4
Bc8 28. Re7 Rc4 29. Re8+ Bf8 30. Be7 Nd7 31. Nxb5 Re6 32. Nd6 Rxe7 33. Rxe7
Bxe7 34. Nxc4 dxc4 35. Rd5 Nb6 36. Rb5 Bd8 37. Kf1 c3 38. Ke1 c2 39. Kd2 Bf5
40. Rb4 Be7 41. Rd4 Nd5 42. g3 Bb4+ 43. Kc1 Nc3 44. bxc3 Ba3+ 0-1

[Event "DVM U20 2018"]
[Site "Osnabrück GER"]
[Date "2018.12.28"]
[Round "3"]
[White "Saive, Philipp"]
[Black "Brüll, Elias"]
[Result "1/2-1/2"]
[Termination "normal"]
[Board "7.5"]
[WhiteElo "1715"]
[BlackElo "1884"]
[WhiteTeam "SC 1997 Lambsheim"]
[BlackTeam "SC Bavaria Regensburg"]
[PlyCount "63"]
[WhiteFideId "16274792"]
[BlackFideId "12964921"]
[EventCountry "GER"]
[EventRounds "7"]
[EventType "team-swiss"]
[EventDate "2018.12.26"]

1. d4 Nf6 2. Bf4 c5 3. d5 Qb6 4. Nc3 d6 5. Qd2 Bf5 6. f3 Nh5 7. Be3 Bg6 8. Bf2
e5 9. e4 Be7 10. h4 h6 11. b4 Qxb4 12. Rb1 Qa5 13. Rxb7 a6 14. Bc4 Nd7 15. Nge2
Nhf6 16. Nb1 Qxd2+ 17. Nxd2 O-O 18. O-O Rfb8 19. Rfb1 Bd8 20. Rxb8 Nxb8 21. Rb7
Nbd7 22. Nb3 Nb6 23. Na5 Nxc4 24. Nxc4 Ne8 25. g4 f6 26. Ng3 Bc7 27. Be1 Rb8
28. Rxb8 Bxb8 29. Ba5 Kf8 30. Bd8 Nc7 31. Nxd6 Nxd5 32. Ndf5 1/2-1/2

[Event "DVM U20 2018"]
[Site "Osnabrück GER"]
[Date "2018.12.28"]
[Round "3"]
[White "Ließ, Alexander"]
[Black "Dalchow, Mario"]
[Result "1/2-1/2"]
[Termination "normal"]
[Board "7.6"]
[WhiteElo "1782"]
[BlackElo "1621"]
[WhiteTeam "SC Bavaria Regensburg"]
[BlackTeam "SC 1997 Lambsheim"]
[PlyCount "40"]
[WhiteFideId "16221338"]
[BlackFideId "12971421"]
[EventCountry "GER"]
[EventRounds "7"]
[EventType "team-swiss"]
[EventDate "2018.12.26"]

1. e4 c6 2. d4 d5 3. e5 Bf5 4. Nf3 e6 5. Be2 Nd7 6. O-O c5 7. Be3 Qb6 8. b3 Bg4
9. Nbd2 Rc8 10. c4 cxd4 11. Bxd4 Bc5 12. Bb2 Ne7 13. h3 Bh5 14. cxd5 Nxd5 15.
Nc4 Qc7 16. Rc1 O-O 17. a3 a5 18. Qd2 b6 19. Nd6 Ra8 20. Rfd1 Qb8 1/2-1/2

[Event "DVM U20 2018"]
[Site "Osnabrück GER"]
[Date "2018.12.28"]
[Round "3"]
[White "Grund, Sebastian"]
[Black "Thomsen, Phil"]
[Result "1/2-1/2"]
[Termination "normal"]
[Board "8.1"]
[WhiteElo "2050"]
[BlackElo "2134"]
[WhiteTeam "MTV 1876 Saalfeld"]
[BlackTeam "SGes Bensheim"]
[PlyCount "94"]
[WhiteFideId "12988626"]
[BlackFideId "12955736"]
[EventCountry "GER"]
[EventRounds "7"]
[EventType "team-swiss"]
[EventDate "2018.12.26"]

1. d4 Nf6 2. Nf3 d6 3. c4 g6 4. g3 Bg7 5. Bg2 O-O 6. O-O Nbd7 7. Nc3 e5 8. e4
c6 9. h3 Qe7 10. Be3 Rd8 11. Qc2 h6 12. Rad1 Ne8 13. b3 Nc7 14. Rd2 Rf8 15. Nh4
Ne6 16. d5 Nd4 17. Bxd4 exd4 18. Ne2 c5 19. Nc1 Nf6 20. Re2 Nh5 21. Nd3 Bd7 22.
Kh2 Rae8 23. Rfe1 Bc8 24. Qd1 Qg5 25. Nf3 Qd8 26. e5 dxe5 27. Nfxe5 Qd6 28. f4
a6 29. b4 b6 30. Qa4 Nf6 31. bxc5 bxc5 32. Qc6 Qxc6 33. dxc6 Re7 34. Nxc5 Rfe8
35. Bd5 Rd8 36. Bg2 g5 37. Nb7 Rf8 38. fxg5 hxg5 39. Nf3 Rxe2 40. Rxe2 d3 41.
Rd2 g4 42. hxg4 Nxg4+ 43. Kg1 Bxb7 44. cxb7 Rb8 45. Rxd3 Rxb7 46. Rd8+ Bf8 47.
Nd2 Rb2 1/2-1/2

[Event "DVM U20 2018"]
[Site "Osnabrück GER"]
[Date "2018.12.28"]
[Round "3"]
[White "Keller, Yannik"]
[Black "Kania, Markus"]
[Result "1-0"]
[Termination "normal"]
[Board "8.2"]
[WhiteElo "1977"]
[BlackElo "1830"]
[WhiteTeam "SGes Bensheim"]
[BlackTeam "MTV 1876 Saalfeld"]
[PlyCount "89"]
[WhiteFideId "12970204"]
[BlackFideId "12903736"]
[EventCountry "GER"]
[EventRounds "7"]
[EventType "team-swiss"]
[EventDate "2018.12.26"]

1. d4 Nf6 2. Bg5 g6 3. Bxf6 exf6 4. e4 Bg7 5. Nc3 d6 6. Bd3 O-O 7. Nge2 c5 8.
d5 Na6 9. O-O Nb4 10. Ng3 Nxd3 11. Qxd3 h5 12. h4 a6 13. a4 b6 14. Nd1 Bd7 15.
Ne3 b5 16. axb5 Bxb5 17. c4 Bd7 18. Ne2 f5 19. exf5 Qxh4 20. fxg6 f5 21. g3 Qg5
22. Nf4 Be5 23. Neg2 Kg7 24. Qf3 Rh8 25. Nh4 Bxf4 26. Qxf4 Qxf4 27. gxf4 Rae8
28. Rfe1 Kf6 29. f3 Rxe1+ 30. Rxe1 Rb8 31. Re2 Re8 32. Rg2 Kg7 33. Rg5 Kh6 34.
Kf2 Re7 35. Rg1 Kg7 36. Rg5 Kh6 37. Rg1 Kg7 38. b3 Bc8 39. Rb1 Kf6 40. Rg1 Kg7
41. Rg5 Kh6 42. Rxf5 Rb7 43. Rf6 Rxb3 44. Rf8 Rb8 45. f5 1-0

[Event "DVM U20 2018"]
[Site "Osnabrück GER"]
[Date "2018.12.28"]
[Round "3"]
[White "Ratay, Meike"]
[Black "Kaiser, Frederic"]
[Result "1/2-1/2"]
[Termination "normal"]
[Board "8.3"]
[WhiteElo "2037"]
[BlackElo "1880"]
[WhiteTeam "MTV 1876 Saalfeld"]
[BlackTeam "SGes Bensheim"]
[PlyCount "91"]
[WhiteFideId "12977608"]
[BlackFideId "16240618"]
[EventCountry "GER"]
[EventRounds "7"]
[EventType "team-swiss"]
[EventDate "2018.12.26"]

1. e4 c6 2. f4 d5 3. Nc3 dxe4 4. Nxe4 Nf6 5. Nf2 g6 6. Nf3 Bg7 7. g3 O-O 8. Bg2
Nbd7 9. O-O Nb6 10. Re1 Nbd5 11. a3 Ng4 12. Ne4 Bf5 13. d4 Qc7 14. Ne5 Nxe5 15.
fxe5 Rad8 16. Qe2 Bxe4 17. Qxe4 e6 18. Bg5 Rd7 19. Qh4 c5 20. c3 Ne7 21. Be4
cxd4 22. cxd4 Nc6 23. Bxc6 Qxc6 24. Re4 Qc2 25. Rf1 Qxb2 26. Bf6 Qd2 27. Ref4
Rc7 28. Be7 Bh6 29. Bxf8 Bxf4 30. Bc5 Bg5 31. Qg4 h5 32. Qf3 Qe3+ 33. Kg2 Qxf3+
34. Rxf3 b6 35. Bd6 Rc4 36. Rd3 Bd8 37. Kf3 Bc7 38. Be7 b5 39. Ke4 a6 40. Bc5
Kg7 41. Rf3 Rc2 42. h3 Rc1 43. Be7 Ba5 44. g4 hxg4 45. hxg4 Rh1 46. Rd3 1/2-1/2

[Event "DVM U20 2018"]
[Site "Osnabrück GER"]
[Date "2018.12.28"]
[Round "3"]
[White "Hennemann, Florian"]
[Black "Grund, Melanie"]
[Result "1-0"]
[Termination "normal"]
[Board "8.4"]
[WhiteElo "1869"]
[BlackElo "1748"]
[WhiteTeam "SGes Bensheim"]
[BlackTeam "MTV 1876 Saalfeld"]
[PlyCount "61"]
[WhiteFideId "16272692"]
[BlackFideId "12988804"]
[EventCountry "GER"]
[EventRounds "7"]
[EventType "team-swiss"]
[EventDate "2018.12.26"]

1. e4 c5 2. Nf3 Nc6 3. d4 cxd4 4. Nxd4 g6 5. Be3 Bg7 6. Bc4 Nf6 7. Nc3 O-O 8.
Bb3 d6 9. f3 Qb6 10. Nf5 Qc7 11. Nxg7 Kxg7 12. Qd2 Kg8 13. h4 h5 14. Bg5 Nh7
15. O-O-O Nxg5 16. Qxg5 Kg7 17. g4 f6 18. Qf4 e5 19. Qg3 hxg4 20. fxg4 Nd4 21.
Qg2 Be6 22. Bxe6 Nxe6 23. Nd5 Qd7 24. Kb1 Nf4 25. Nxf4 exf4 26. Qf3 g5 27. hxg5
fxg5 28. Rd5 Qe7 29. Rh5 Kg6 30. Qh1 Qe8 31. Rh7 1-0

[Event "DVM U20 2018"]
[Site "Osnabrück GER"]
[Date "2018.12.28"]
[Round "3"]
[White "Simrock, Manuel"]
[Black "Lorenz, Keana"]
[Result "0-1"]
[Termination "normal"]
[Board "8.6"]
[WhiteElo "1146"]
[BlackElo "1459"]
[WhiteTeam "SGes Bensheim"]
[BlackTeam "MTV 1876 Saalfeld"]
[PlyCount "39"]
[WhiteFideId "16274814"]
[BlackFideId "12990248"]
[EventCountry "GER"]
[EventRounds "7"]
[EventType "team-swiss"]
[EventDate "2018.12.26"]

1. e4 c5 2. Nc3 Nc6 3. Bb5 a6 4. Bxc6 bxc6 5. Nf3 g6 6. d3 Bg7 7. O-O d5 8.
exd5 cxd5 9. Re1 Nf6 10. Ne5 Bb7 11. Qe2 d4 12. Na4 Rc8 13. Nb6 Rc7 14. Bg5 Qd6
15. Nbd7 Rxd7 16. Nxd7 Qxd7 17. Qe5 O-O 18. Qxc5 Qg4 19. Kf1 Bxg2+ 20. Kg1 0-1

[Event "DVM U20 2018"]
[Site "Osnabrück GER"]
[Date "2018.12.29"]
[Round "5"]
[White "Bunyatov, Rustam"]
[Black "Pluska, Alexander"]
[Result "1/2-1/2"]
[Termination "normal"]
[Board "1.1"]
[WhiteTitle "FM"]
[WhiteElo "2177"]
[BlackElo "2224"]
[WhiteClock "00:02:43"]
[BlackClock "00:01:49"]
[WhiteTeam "SG Porz"]
[BlackTeam "SK Doppelbauer Kiel"]
[PlyCount "63"]
[WhiteFideId "13410210"]
[BlackFideId "12975141"]
[EventCountry "GER"]
[EventRounds "7"]
[EventType "team-swiss"]
[EventDate "2018.12.26"]

1. Nf3 {[%clk 1:30:56]} d5 {[%clk 1:30:54]} 2. c4 {[%clk 1:31:22]} d4 {[%clk
1:31:21]} 3. b4 {[%clk 1:29:36]} f6 {[%clk 1:31:51]} 4. d3 {[%clk 1:27:53]} e5
{[%clk 1:31:51]} 5. a3 a5 6. b5 {[%clk 1:27:58]} Be6 {[%clk 1:18:28]} 7. g3
{[%clk 1:26:32]} Nd7 {[%clk 1:18:36]} 8. Bg2 {[%clk 1:26:12]} Nc5 {[%clk
1:17:58]} 9. O-O {[%clk 1:25:40]} Qd7 {[%clk 1:16:57]} 10. Nbd2 {[%clk
1:20:13]} a4 {[%clk 1:11:46]} 11. Re1 {[%clk 1:19:00]} Ne7 {[%clk 1:01:27]} 12.
Qc2 {[%clk 1:17:59]} Nf5 {[%clk 0:49:27]} 13. Bb2 {[%clk 1:15:37]} Be7 {[%clk
0:48:37]} 14. Bf1 h5 {[%clk 0:33:59]} 15. e3 {[%clk 1:07:30]} dxe3 {[%clk
0:27:04]} 16. fxe3 {[%clk 1:07:43]} h4 {[%clk 0:26:45]} 17. g4 {[%clk 0:58:04]}
Nh6 {[%clk 0:25:11]} 18. g5 {[%clk 0:49:57]} Ng4 {[%clk 0:17:46]} 19. d4 {[%clk
0:45:30]} O-O-O {[%clk 0:15:41]} 20. h3 {[%clk 0:38:46]} Nxe3 {[%clk 0:10:09]}
21. Rxe3 {[%clk 0:38:07]} Bf5 {[%clk 0:07:31]} 22. Qc3 {[%clk 0:34:41]} e4
{[%clk 0:07:19]} 23. Ne1 {[%clk 0:31:24]} Ne6 {[%clk 0:07:02]} 24. Qa5 {[%clk
0:30:31]} Qd6 {[%clk 0:05:37]} 25. Qa8+ {[%clk 0:13:12]} Kd7 {[%clk 0:06:00]}
26. Qxb7 {[%clk 0:13:37]} Rb8 {[%clk 0:01:09]} 27. Qd5 {[%clk 0:10:15]} Qxd5
{[%clk 0:01:22]} 28. cxd5 {[%clk 0:10:38]} Nxg5 {[%clk 0:01:49]} 29. Nc2 {[%clk
0:08:56]} Bd6 {[%clk 0:01:47]} 30. Rc3 {[%clk 0:02:54]} Bg3 31. Ne3 {[%clk
0:02:46]} Bxh3 {[%clk 0:01:49]} 32. Nxe4 {[%clk 0:02:43]} 1/2-1/2

[Event "DVM U20 2018"]
[Site "Osnabrück GER"]
[Date "2018.12.29"]
[Round "5"]
[White "Beeck, Mats"]
[Black "Fieberg, Samuel"]
[Result "0-1"]
[Termination "normal"]
[Board "1.2"]
[BlackTitle "FM"]
[WhiteElo "2126"]
[BlackElo "2170"]
[WhiteClock "00:01:09"]
[BlackClock "00:06:00"]
[WhiteTeam "SK Doppelbauer Kiel"]
[BlackTeam "SG Porz"]
[PlyCount "82"]
[WhiteFideId "12936944"]
[BlackFideId "12901717"]
[EventCountry "GER"]
[EventRounds "7"]
[EventType "team-swiss"]
[EventDate "2018.12.26"]

1. e4 {[%clk 1:30:30]} c5 {[%clk 1:27:54]} 2. Nf3 {[%clk 1:30:49]} Nc6 3. d4
{[%clk 1:31:11]} cxd4 {[%clk 1:21:10]} 4. Nxd4 e5 {[%clk 1:08:01]} 5. Nb5
{[%clk 1:31:18]} a6 {[%clk 1:08:26]} 6. Nd6+ Bxd6 {[%clk 1:08:53]} 7. Qxd6
{[%clk 1:32:03]} Qe7 8. Qd1 {[%clk 1:32:09]} Nf6 {[%clk 0:55:58]} 9. Nc3 d6
{[%clk 0:55:02]} 10. Bg5 {[%clk 1:32:16]} Be6 {[%clk 0:54:29]} 11. Nd5 {[%clk
1:31:54]} Bxd5 {[%clk 0:54:56]} 12. exd5 {[%clk 1:32:17]} Nb8 {[%clk 0:55:23]}
13. Be2 {[%clk 1:32:17]} Nbd7 {[%clk 0:55:34]} 14. a4 {[%clk 1:29:31]} h6
{[%clk 0:54:16]} 15. Be3 a5 16. O-O {[%clk 1:26:03]} O-O {[%clk 0:51:11]} 17.
Qd2 {[%clk 1:15:31]} Ne4 {[%clk 0:49:51]} 18. Qd3 {[%clk 1:10:49]} f5 {[%clk
0:47:09]} 19. f3 {[%clk 0:56:08]} Nec5 20. Qd1 {[%clk 0:39:03]} f4 {[%clk
0:45:17]} 21. Bxc5 {[%clk 0:39:03]} Nxc5 {[%clk 0:44:51]} 22. c3 e4 {[%clk
0:38:07]} 23. fxe4 {[%clk 0:33:56]} Qxe4 {[%clk 0:31:05]} 24. Kh1 {[%clk
0:26:04]} Kh8 {[%clk 0:25:42]} 25. Bf3 {[%clk 0:25:49]} Qc4 26. Be2 {[%clk
0:26:07]} Qe4 {[%clk 0:25:38]} 27. Bf3 {[%clk 0:21:49]} Qf5 {[%clk 0:23:04]}
28. b4 {[%clk 0:11:48]} Nd3 {[%clk 0:19:45]} 29. Qc2 Ne5 {[%clk 0:20:14]} 30.
Qxf5 {[%clk 0:11:44]} Rxf5 {[%clk 0:20:27]} 31. Be4 {[%clk 0:06:15]} Rf7 {[%clk
0:16:25]} 32. Rab1 {[%clk 0:04:13]} g5 {[%clk 0:15:13]} 33. g3 {[%clk 0:03:29]}
f3 {[%clk 0:15:29]} 34. h3 {[%clk 0:02:00]} h5 {[%clk 0:15:19]} 35. bxa5 {[%clk
0:01:41]} Rxa5 {[%clk 0:13:53]} 36. Rb4 {[%clk 0:01:08]} Rc5 {[%clk 0:13:37]}
37. c4 {[%clk 0:00:41]} g4 {[%clk 0:10:31]} 38. Rf2 {[%clk 0:00:34]} Nxc4
{[%clk 0:08:47]} 39. Bg6 {[%clk 0:00:45]} Re7 40. Bxh5 {[%clk 0:01:09]} Re1+
{[%clk 0:06:00]} 41. Kh2 Ne5 0-1

[Event "DVM U20 2018"]
[Site "Osnabrück GER"]
[Date "2018.12.29"]
[Round "5"]
[White "Ramien, David"]
[Black "Arndt, Magnus"]
[Result "1-0"]
[Termination "normal"]
[Board "1.3"]
[WhiteElo "2136"]
[BlackElo "2167"]
[WhiteClock "00:18:49"]
[BlackClock "00:17:33"]
[WhiteTeam "SG Porz"]
[BlackTeam "SK Doppelbauer Kiel"]
[PlyCount "91"]
[WhiteFideId "12948241"]
[BlackFideId "12998656"]
[EventCountry "GER"]
[EventRounds "7"]
[EventType "team-swiss"]
[EventDate "2018.12.26"]

1. e4 {[%clk 1:30:57]} e5 {[%clk 1:30:54]} 2. Nf3 {[%clk 1:31:24]} Nc6 {[%clk
1:31:16]} 3. Bc4 {[%clk 1:31:50]} Nf6 {[%clk 1:31:40]} 4. d3 {[%clk 1:32:17]}
Be7 {[%clk 1:32:03]} 5. O-O {[%clk 1:32:42]} O-O {[%clk 1:32:26]} 6. Re1 {[%clk
1:33:09]} d6 {[%clk 1:32:50]} 7. a4 {[%clk 1:33:24]} Na5 {[%clk 1:31:43]} 8.
Ba2 {[%clk 1:33:48]} c5 {[%clk 1:32:05]} 9. c3 {[%clk 1:34:03]} Nc6 {[%clk
1:31:47]} 10. Na3 {[%clk 1:34:04]} h6 {[%clk 1:16:15]} 11. h3 {[%clk 1:33:39]}
Re8 {[%clk 1:05:43]} 12. Nc2 {[%clk 1:26:09]} Bf8 {[%clk 1:02:27]} 13. Bd2
{[%clk 1:14:02]} Be6 {[%clk 0:39:40]} 14. Bxe6 {[%clk 1:13:11]} Rxe6 {[%clk
0:40:01]} 15. b4 {[%clk 1:05:07]} cxb4 {[%clk 0:32:47]} 16. cxb4 {[%clk
1:03:34]} d5 {[%clk 0:31:54]} 17. b5 {[%clk 1:01:13]} Nb8 18. exd5 {[%clk
0:53:06]} Qxd5 {[%clk 0:28:57]} 19. Bc3 {[%clk 0:51:51]} Nbd7 {[%clk 0:25:15]}
20. Ne3 {[%clk 0:48:01]} Qc5 {[%clk 0:23:48]} 21. Rc1 {[%clk 0:43:55]} Qe7
{[%clk 0:23:58]} 22. Nc4 Nd5 {[%clk 0:19:43]} 23. Bxe5 {[%clk 0:39:42]} Nxe5
{[%clk 0:14:34]} 24. Rxe5 {[%clk 0:39:37]} Nf4 {[%clk 0:13:07]} 25. Kh2 {[%clk
0:34:32]} Rd8 {[%clk 0:11:34]} 26. d4 {[%clk 0:33:41]} Ne2 {[%clk 0:09:25]} 27.
Rxe6 {[%clk 0:25:11]} Qxe6 {[%clk 0:08:57]} 28. Rc2 {[%clk 0:24:49]} Nxd4
{[%clk 0:08:13]} 29. Nxd4 {[%clk 0:24:40]} Qd5 30. Qf3 {[%clk 0:14:02]} Qxd4
{[%clk 0:05:16]} 31. Qxb7 {[%clk 0:11:47]} Qd1 {[%clk 0:03:50]} 32. Ne3 Qd4
{[%clk 0:02:17]} 33. a5 {[%clk 0:08:01]} Bc5 {[%clk 0:01:24]} 34. g3 {[%clk
0:06:48]} Qd6 {[%clk 0:00:50]} 35. Nf5 Qe5 {[%clk 0:00:50]} 36. Qf3 {[%clk
0:03:15]} Bf8 {[%clk 0:00:45]} 37. b6 {[%clk 0:02:47]} axb6 {[%clk 0:00:43]}
38. axb6 {[%clk 0:02:58]} Rb8 {[%clk 0:00:42]} 39. b7 {[%clk 0:02:39]} g6
{[%clk 0:00:39]} 40. Ne3 {[%clk 0:02:00]} Qe7 {[%clk 0:00:33]} 41. Rb2 {[%clk
0:01:21]} Bg7 {[%clk 0:28:27]} 42. Rb3 {[%clk 0:27:47]} h5 {[%clk 0:26:48]} 43.
h4 {[%clk 0:26:58]} Qd7 {[%clk 0:22:31]} 44. Qd5 {[%clk 0:25:19]} Qc7 {[%clk
0:19:26]} 45. Nc4 {[%clk 0:19:09]} Bf8 {[%clk 0:17:33]} 46. Ne5 {[%clk
0:18:49]} 1-0

[Event "DVM U20 2018"]
[Site "Osnabrück GER"]
[Date "2018.12.29"]
[Round "5"]
[White "Wanner, Lukas"]
[Black "Sabirov, Ramil"]
[Result "0-1"]
[Termination "normal"]
[Board "1.4"]
[WhiteElo "2037"]
[BlackElo "2066"]
[WhiteClock "00:13:08"]
[BlackClock "00:13:49"]
[WhiteTeam "SK Doppelbauer Kiel"]
[BlackTeam "SG Porz"]
[PlyCount "96"]
[WhiteFideId "12918148"]
[BlackFideId "12900303"]
[EventCountry "GER"]
[EventRounds "7"]
[EventType "team-swiss"]
[EventDate "2018.12.26"]

1. c4 {[%clk 1:30:58]} c5 {[%clk 1:30:57]} 2. g3 {[%clk 1:30:59]} g6 {[%clk
1:31:23]} 3. Bg2 {[%clk 1:31:24]} Bg7 {[%clk 1:31:51]} 4. Nc3 {[%clk 1:31:13]}
Nc6 {[%clk 1:32:17]} 5. Nf3 {[%clk 1:30:38]} e6 {[%clk 1:32:41]} 6. d3 {[%clk
1:30:03]} Nge7 {[%clk 1:32:56]} 7. Bg5 {[%clk 1:28:25]} h6 {[%clk 1:33:10]} 8.
Bd2 {[%clk 1:28:01]} O-O {[%clk 1:33:35]} 9. a3 {[%clk 1:26:11]} b6 {[%clk
1:27:21]} 10. Rb1 {[%clk 1:25:12]} Bb7 {[%clk 1:25:06]} 11. Qc1 {[%clk
1:21:53]} Kh7 {[%clk 1:25:31]} 12. b4 {[%clk 1:21:31]} d6 {[%clk 1:24:40]} 13.
b5 {[%clk 1:20:54]} Na5 {[%clk 1:21:59]} 14. O-O {[%clk 1:15:49]} f5 {[%clk
1:14:00]} 15. Na4 {[%clk 1:03:46]} Rb8 {[%clk 1:09:29]} 16. Qc2 {[%clk
0:55:33]} g5 {[%clk 1:02:29]} 17. Bxg5 {[%clk 0:42:00]} hxg5 {[%clk 0:53:47]}
18. Nxg5+ {[%clk 0:42:22]} Kg8 {[%clk 0:53:33]} 19. Bxb7 {[%clk 0:38:48]} Nxb7
{[%clk 0:52:55]} 20. Nxe6 {[%clk 0:39:11]} Qd7 {[%clk 0:52:03]} 21. Nxf8 {[%clk
0:38:35]} Rxf8 {[%clk 0:52:27]} 22. Nc3 {[%clk 0:37:09]} f4 {[%clk 0:44:18]}
23. Nd5 {[%clk 0:27:13]} Nxd5 {[%clk 0:42:17]} 24. cxd5 {[%clk 0:19:44]} Qh3
25. d4 Bxd4 {[%clk 0:18:59]} 26. Rb3 {[%clk 0:19:16]} Rf7 {[%clk 0:06:59]} 27.
Qg6+ {[%clk 0:16:42]} Rg7 {[%clk 0:06:23]} 28. Qe8+ {[%clk 0:13:31]} Kh7 {[%clk
0:06:49]} 29. Qe4+ {[%clk 0:12:03]} Kg8 {[%clk 0:07:09]} 30. e3 Rh7 {[%clk
0:05:02]} 31. Qg2 {[%clk 0:08:07]} Qxg2+ {[%clk 0:05:26]} 32. Kxg2 {[%clk
0:08:32]} fxe3 {[%clk 0:05:51]} 33. fxe3 {[%clk 0:08:56]} Be5 {[%clk 0:06:10]}
34. e4 Rf7 {[%clk 0:06:32]} 35. Rxf7 {[%clk 0:06:48]} Kxf7 {[%clk 0:06:58]} 36.
h4 {[%clk 0:06:24]} c4 {[%clk 0:07:08]} 37. Rf3+ Kg7 {[%clk 0:07:33]} 38. Kf2
{[%clk 0:04:35]} Nc5 {[%clk 0:06:40]} 39. Ke3 {[%clk 0:01:40]} c3 {[%clk
0:02:13]} 40. Rf1 Nb3 {[%clk 0:24:28]} 41. Kd3 {[%clk 0:29:42]} Nc5+ {[%clk
0:19:59]} 42. Ke3 {[%clk 0:23:18]} Na4 {[%clk 0:18:11]} 43. h5 {[%clk 0:13:45]}
Nb2 {[%clk 0:15:41]} 44. h6+ {[%clk 0:13:50]} Kxh6 {[%clk 0:14:01]} 45. Rf7
{[%clk 0:13:56]} Nc4+ {[%clk 0:14:09]} 46. Kd3 {[%clk 0:14:17]} Nxa3 {[%clk
0:13:37]} 47. Rxa7 {[%clk 0:13:08]} c2 {[%clk 0:13:49]} 48. Kd2 Bb2 0-1

[Event "DVM U20 2018"]
[Site "Osnabrück GER"]
[Date "2018.12.29"]
[Round "5"]
[White "Sewald, Kathrin"]
[Black "Rieper, Julian"]
[Result "0-1"]
[Termination "normal"]
[Board "1.5"]
[WhiteElo "1980"]
[BlackElo "2058"]
[WhiteClock "00:18:56"]
[BlackClock "00:23:31"]
[WhiteTeam "SG Porz"]
[BlackTeam "SK Doppelbauer Kiel"]
[PlyCount "108"]
[WhiteFideId "12964557"]
[BlackFideId "12936960"]
[EventCountry "GER"]
[EventRounds "7"]
[EventType "team-swiss"]
[EventDate "2018.12.26"]

1. e4 {[%clk 1:30:59]} c6 {[%clk 1:30:26]} 2. d3 {[%clk 1:30:34]} d5 {[%clk
1:30:01]} 3. Nd2 {[%clk 1:30:59]} e5 {[%clk 1:30:13]} 4. Ngf3 {[%clk 1:30:51]}
Bd6 {[%clk 1:30:14]} 5. Be2 {[%clk 1:29:43]} Ne7 {[%clk 1:28:45]} 6. c3 {[%clk
1:25:35]} O-O {[%clk 1:28:33]} 7. Qc2 {[%clk 1:25:10]} f5 {[%clk 1:28:32]} 8.
h3 {[%clk 1:21:21]} Ng6 {[%clk 1:23:13]} 9. g3 {[%clk 1:12:54]} Nd7 {[%clk
1:20:34]} 10. exf5 {[%clk 1:06:32]} Rxf5 {[%clk 1:19:59]} 11. d4 {[%clk
1:05:45]} e4 {[%clk 1:19:07]} 12. Nh2 {[%clk 0:57:51]} Qf8 {[%clk 1:15:32]} 13.
O-O {[%clk 0:55:45]} e3 {[%clk 1:03:33]} 14. fxe3 {[%clk 0:50:17]} Rxf1+ {[%clk
0:56:53]} 15. Nhxf1 {[%clk 0:46:04]} Nf6 {[%clk 0:52:34]} 16. Kg2 {[%clk
0:44:23]} Qe7 {[%clk 0:50:36]} 17. Nf3 {[%clk 0:37:27]} Ne4 {[%clk 0:48:11]}
18. Bd2 {[%clk 0:25:39]} h5 {[%clk 0:35:17]} 19. Be1 {[%clk 0:22:25]} Bf5
{[%clk 0:29:25]} 20. Bd3 {[%clk 0:20:57]} Rf8 {[%clk 0:28:23]} 21. N1d2 {[%clk
0:18:43]} Qe6 {[%clk 0:25:35]} 22. Ng1 {[%clk 0:17:45]} h4 {[%clk 0:24:03]} 23.
g4 {[%clk 0:16:20]} Bxg4 {[%clk 0:23:44]} 24. Nxe4 {[%clk 0:08:54]} dxe4 {[%clk
0:17:34]} 25. Bxe4 {[%clk 0:07:14]} Bxh3+ {[%clk 0:17:03]} 26. Kh1 {[%clk
0:07:37]} Bf5 {[%clk 0:14:46]} 27. Bxf5 {[%clk 0:07:18]} Rxf5 {[%clk 0:14:59]}
28. e4 {[%clk 0:06:26]} Rg5 {[%clk 0:06:23]} 29. Bd2 {[%clk 0:05:43]} Rg4
{[%clk 0:01:40]} 30. Qb3 {[%clk 0:04:42]} Rxe4 {[%clk 0:01:28]} 31. Qxe6+
{[%clk 0:04:35]} Rxe6 {[%clk 0:01:54]} 32. Kg2 {[%clk 0:04:46]} Nf4+ {[%clk
0:01:17]} 33. Kf3 {[%clk 0:04:06]} Nd3 {[%clk 0:00:59]} 34. b3 {[%clk 0:03:46]}
Kf7 {[%clk 0:00:48]} 35. Nh3 {[%clk 0:03:51]} Be7 {[%clk 0:00:39]} 36. Rh1
{[%clk 0:03:22]} c5 {[%clk 0:00:42]} 37. d5 {[%clk 0:02:14]} Rg6 {[%clk
0:00:41]} 38. c4 {[%clk 0:01:57]} Rg3+ {[%clk 0:00:49]} 39. Ke4 {[%clk
0:02:01]} Rxh3 {[%clk 0:01:02]} 40. Rf1+ {[%clk 0:01:36]} Kg6 {[%clk 0:01:02]}
41. Rg1+ {[%clk 0:01:19]} Kf7 {[%clk 0:01:13]} 42. Rf1+ {[%clk 0:01:43]} Bf6
{[%clk 0:01:25]} 43. Be3 {[%clk 0:01:18]} Nb4 {[%clk 0:29:41]} 44. Bxc5 {[%clk
0:29:24]} Nxa2 {[%clk 0:29:59]} 45. Bxa7 {[%clk 0:25:00]} Nc3+ {[%clk 0:29:40]}
46. Kf5 {[%clk 0:23:57]} g6+ {[%clk 0:27:43]} 47. Kg4 {[%clk 0:23:34]} Rg3+
{[%clk 0:27:03]} 48. Kf4 {[%clk 0:23:42]} Ne2+ {[%clk 0:26:16]} 49. Ke4 {[%clk
0:24:07]} Rxb3 {[%clk 0:25:54]} 50. Rf2 {[%clk 0:22:36]} Ng3+ {[%clk 0:24:03]}
51. Kf4 {[%clk 0:22:22]} Rc3 {[%clk 0:23:15]} 52. c5 {[%clk 0:21:30]} Nh5+
{[%clk 0:23:39]} 53. Ke4 {[%clk 0:21:32]} g5 {[%clk 0:23:19]} 54. d6 {[%clk
0:18:56]} Ke6 {[%clk 0:23:31]} 0-1